Ordenación bancaria / (Record no. 10041)
[ view plain ]
| 000 -LEADER | |
|---|---|
| campo de control de longitud fija | 00744nam a2200241 i 4500 |
| 001 - NÚMERO DE CONTROL | |
| campo de control | 10041 |
| 003 - IDENTIFICADOR DE NÚMERO DE CONTROL | |
| campo de control | ES-MaACL |
| 005 - FECHA Y HORA DE LA ÚLTIMA TRANSACCIÓN | |
| campo de control | 20231214063023.0 |
| 007 - CAMPO FIJO DE DESCRIPCIÓN FÍSICA--INFORMACIÓN GENERAL | |
| campo de control de longitud fija | t| |
| 008 - DATOS DE LONGITUD FIJA--INFORMACIÓN GENERAL | |
| campo de control de longitud fija | 941122s1992 sp ||||1| spa d |
| 020 ## - NÚMERO INTERNACIONAL ESTÁNDAR DEL LIBRO | |
| Número Internacional Estándar del Libro | 84-239-6573-2 |
| 080 ## - NÚMERO DE LA CLASIFICACIÓN DECIMAL UNIVERSAL | |
| Número de la Clasificación Decimal Universal | 351.825(46)"18/19"(09) |
| 100 1# - ENTRADA PRINCIPAL--NOMBRE DE PERSONA | |
| Nombre de persona | Zunzunegui, Fernando |
| 9 (RLIN) | 118508 |
| 245 10 - MENCIÓN DEL TÍTULO | |
| Título | Ordenación bancaria / |
| Mención de responsabilidad, etc. | Fernando Zunzunegui ; prólogo de Joaquín Fanjul. |
| 260 ## - PUBLICACIÓN, DISTRIBUCIÓN, ETC. | |
| Lugar de publicación, distribución, etc. | Madrid : |
| Nombre del editor, distribuidor, etc. | Espasa-Calpe, |
| Fecha de publicación, distribución, etc. | D.L. 1992. |
| 300 ## - DESCRIPCIÓN FÍSICA | |
| Extensión | 550 p. ; |
| Dimensiones | 23 cm. |
| 490 1# - MENCIÓN DE SERIE | |
| Mención de serie | Espasa universidad ; |
| Designación de volumen o secuencia | 29 |
| 500 ## - NOTA GENERAL | |
| Nota general | Indices. |
| 650 14 - PUNTO DE ACCESO ADICIONAL DE MATERIA--TÉRMINO DE MATERIA | |
| Término de materia o nombre geográfico como elemento de entrada | Bancos- |
| Subdivisión geográfica | España- |
| Subdivisión general | Legislación. |
| 9 (RLIN) | 10489 |
| 830 0# - PUNTO DE ACCESO ADICIONAL DE SERIE-TÍTULO UNIFORME | |
| Título uniforme | Espasa universidad ; |
| Designación de volumen o secuencia | 29 |
| 9 (RLIN) | 177376 |
| 852 ## - LOCALIZACIÓN | |
| Ubicación | ES-MaACL |
| Número de control de estantería | L-17407 |
| Sublocalización o colección | R.122691 |
| Estatus retirado | Estado de pérdida | Estado de daño | No para préstamo | Biblioteca de origen | Biblioteca actual | Ubicación en estantería | Fecha de adquisición | Fuente de adquisición | Total de préstamos | Signatura topográfica completa | Código de barras | Visto por última vez | Precio de reemplazo | Tipo de ítem Koha |
|---|---|---|---|---|---|---|---|---|---|---|---|---|---|---|
| Biblioteca del Ateneo de Madrid | Biblioteca del Ateneo de Madrid | Depósito 2 | 17/01/2008 | L-17407 | 1010248 | 23/02/2023 | 23/02/2023 | Libro impreso |
